00876 2200289 4500001002100000005001500021035002500036007000300061008004100064020002200105040001700127082001600144084001600160090002000176090002200196100002800218245008600246250003600332260003600368300004400404504003300448650002700481850001200508999002200520990002200542990002200564INLIS00000000003406420191101124127 a0010-031800000000007ta180301s2017 yoia g | ind d a978-602-453-294-9 aYOPDYOGbind042[23]a621.3 a621.3 Adi A aDEP 621.3 Adi A aCB-D.11 2017-17070 aADI SOEPRIJANTO,d1964-10aAnalisa kestabilan multi generator dengan konsep mesin tunggal /cAdi Soeprijanto aCetakan pertama: September 2017 aYogyakarta :bDeepublish,c2017 axvi, 119 halaman :bilustrasi ;c23 cm. aBibliografi: halaman 114-118 4aTenaga listrik, Sistem aYOPDYOG aCB-D.11/2017-1707 aCB-D.11/2017-1707 aCB-D.11/2017-1707